000 01265nam a2200301 c 4500
999 _c60291
_d60291
003 BLK
005 20191001142221.0
008 180408b bul|||||r ||||||| ||bul||
010 _aKNG00064438000
040 _aBLK
041 _aBUL
_cBUL
072 7 _2bullib
_aА
_xФонд Михаил Арнаудов
080 _aБългарска литература
_b821.163.2
_x-1
_z821.163.2-1
100 1 _aВазов, Иван Минчов
_eпърви автор
_9363396
139 _aВазов, Иван Минчов
_bВ 15
245 1 0 _aПод гръма на победите
_bСтихотворения, писани през първата Балканска война
_cИван Минчов Вазов.
257 _aBGR
260 _c1914
_fСофия : печ. на Нар. осигур. д-во Балкан
300 _a112 с., 1 л.
_bпортр.
_c19 см
380 _aX
490 _9396381
_aЧастна колекция - Академик Михаил Арнаудов
_gДарение - Основен фонд
500 _aПодчертавания в текста на предговора, който е от Иван Вазов. - Твърда подв.
659 _aА
852 _aЦб МА 1037
856 4 _qpdf
856 4 _qpdf
942 _cKNG
_n0
_s1
944 _aCR
_c27.01.2017
_kГеновева_Генчева
944 _aED
_c27.01.2017
_kГеновева_Генчева
999 _d60291